000 00369nam a2200157Ia 4500
003 Ost
005 20260225132558.0
008 260225s9999||||xx |||||||||||||| ||und||
040 _cfsic
041 _afre
082 _a302.23
100 _aChabane nadia
_eAuteur
245 0 _aGuerre d'algerie et lutte de libération /
245 0 _cChabane nadia
942 _cكتاب
999 _c34573
_d34573